Normal view
MARC view
Entry Personal Name
001 - CONTROL NUMBER
- control field: 27233
003 - CONTROL NUMBER IDENTIFIER
- control field: dpl
005 - DATE AND TIME OF LATEST TRANSACTION
- control field: 20110411160926.0
008 - FIXED-LENGTH DATA ELEMENTS
- fixed length control field: 110411|||a|||||| | ||| d
040 ## - CATALOGING SOURCE
- Original cataloging agency: dpl
- Transcribing agency: dpl
100 ## - HEADING--PERSONAL NAME
- Personal name: Chaudhry, Manisha
670 ## - SOURCE DATA FOUND
- Source citation: Work cat.: (dpl): Chaturvedi, Pankaj 27232, Joy /, 2010
670 ## - SOURCE DATA FOUND
- Source citation: Work cat.: (dpl): Chaturvedi, Pankaj 27232, Joy /, 2010
